| 000 | 00963nam a22002417a 4500 | ||
|---|---|---|---|
| 999 |
_c3585 _d3585 |
||
| 003 | AR-CdUCM | ||
| 008 | 190306b ||||| |||| 00| 0 spa d | ||
| 040 |
_aMUNICIPALIDAD PROVINCIAL DEL CUSCO _cBIBLIOTECA MUNICIPAL DEL CUSCO |
||
| 082 |
_a343.2 / _bB1 |
||
| 245 | _aBases para una nueva constitución política peruana / | ||
| 260 |
_aCusco : _c2015. |
||
| 300 |
_a252 paginas ; _c21 cm. |
||
| 505 | _aContenido :La extradicion --Metamorfosis de un precedente discutible :La sentencia interlocutoria denegatoria --Los derechos fundamentales de la persona como ser espiritual ... | ||
| 650 |
_aReformas constitucionales peruanas _911733 |
||
| 650 |
_aDerecho constitucional peruano _911734 |
||
| 650 |
_aConstituciones peruanas _99803 |
||
| 650 |
_aEnsayos _9375 |
||
| 650 |
_aConferencias _9376 |
||
| 700 |
_aBill Alan Castillo Merma (director) _911735 |
||
| 700 |
_aAlex Javier Benites Ttito (director) _911736 |
||
| 942 |
_2ddc _cLIBROS |
||
| 945 | _arjall | ||